Einwohnerreichste Inseln der Welt - Statistiken

Allgemein
  • Dieses Quiz wurde 83 mal gespielt
  • Das Durchschnittsergebnis liegt bei 6 aus 15
Antwortstatistiken
Einwohner Insel % Korrekt
28,5 Mio. Madagaskar
88%
65,7 Mio. Großbritannien
70%
21,9 Mio. Sri Lanka
64%
149 Mio. Java
55%
23,9 Mio. Taiwan
54%
23,7 Mio. Borneo
50%
103 Mio. Honshū
49%
59,2 Mio. Sumatra
46%
14,8 Mio. Neuguinea
41%
22,3 Mio. Hispaniola
32%
64,3 Mio. Luzon
18%
20,2 Mio. Sulawesi
18%
12,3 Mio. Kyūshū
15%
27,0 Mio. Mindanao
14%
23,7 Mio. Salsette
3%
Keine übereinstimmenden Quizze gefunden
Verteilung der Resultate
Anzahl Personen mit jedem Resultat
Perzentil nach korrekt beantworteten Fragen
Ihre Resultats-Entwicklung
Sie haben dieses Quiz noch nicht gespielt